000 00396nam a2200181Ia 4500
001 15400
005 20260306170153.0
008 260306t2013||||xx |||||||||||||| ||und||
041 _aESP
082 _a539
_bY76 V. 1
100 _aYoung, Hugh D.
_eAUT
245 0 _aFĂ­sica universitaria
260 _c2013
300 _a
_c
650 _aGEN
654 _aCCN
942 _cLIB
_dJUS
_fJUS
_2ddc
_n
999 _c15400
_d15400